Statistics for Austrian Landmarks

Click here to take the quiz!

General Stats

  • This quiz has been taken 9 times
  • The average score is 8 of 13

Answer Stats

Answer% Correct
Hofburg Palace
100%
Schönbrunn Palace
100%
St. Stephan’s Cathedral
100%
Belvedere Palace
71%
Großglockner
71%
Hundertwasser Village
57%
Salzburg Cathedral
57%
Golden Roof, Innsbruck
43%
Hohensalzburg Fortress
43%
Krimml Waterfalls
43%
Mirabell Palace
43%
Basilika St. Michael
29%
Schloss Hellbrunn
29%

Score Distribution

Percentile by Number Answered

Percent of People with Each Score

Your Score History

You have not taken this quiz